Rap by letter (M) - Statistics

General Stats
  • This quiz has been taken 3 times
  • The average score is 3 of 10
Answer Stats
Hint Answer % Correct
Wu-Tang Clan member, has an album called "Blackout!" with Redman. Method Man
67%
The Notorious B.I.G.'s song from "Life After Death", featuring Puff Daddy and Mase. Mo Money Mo Problems
67%
Outkast's song from "Stankonia", won the Grammy Award for Best Rap Performance by a Duo or Group. Ms. Jackson
67%
MF Doom's, Madlib's and Madvillain's album, released in 2004. Madvillainy
33%
Rap duo from New York, Havoc and Prodigy are the members. Mobb Deep
33%
Eminem's song from "Encore", about his daughter Hailie. Mockingbird
33%
Rapper and actor from New York, has an album called "Black On Both Sides". Mos Def
33%
50 Cent's song from "Get Rich Or Die Tryin'". Many Men (Wish Death)
0%
2Pac's album, released in 1995. Me Against The World
0%
Gang Starr's album, released in 1998. Moment Of Truth
0%
No matching quizzes found
Score Distribution
Percent of People with Each Score
Percentile by Number Answered
Your Score History
You have not taken this quiz